| 000 | 00953nam a22002897a 4500 | ||
|---|---|---|---|
| 001 | 6088 | ||
| 003 | FISKH | ||
| 005 | 20250310092425.0 | ||
| 008 | 250310b cb ||||| |||| 00| 0 eng d | ||
| 020 | _a9780439439619 | ||
| 040 |
_aFISKH _beng _cFISKH _dFISKH |
||
| 050 | _aPZ7.B82816 S | ||
| 082 | _a813 | ||
| 100 |
_aBruchac, Joseph _d(1942-) |
||
| 245 |
_aSkeleton man / _cBy Joseph Bruchac |
||
| 250 | _aThis edition first published in 2002 | ||
| 260 |
_aNew York : _bScholastic, _c2001 |
||
| 300 |
_a114 pages : _billustrations ; _c20 cm |
||
| 505 | _aR | ||
| 520 | _aAfter her parents disappear and she is turned over to the care of a strange "great-uncle," Molly must rely on her dreams about an old Mohawk story for her safety and maybe even for her life. | ||
| 521 | 8 |
_a730
_bLexile |
|
| 521 | 8 |
_aR
_bRaz-Plus |
|
| 650 |
_2Kidnapping _aPsychopaths |
||
| 650 |
_2Supernatural _aFolklore |
||
| 942 |
_2ddc _cBK _n0 |
||
| 999 |
_c6088 _d6088 |
||